| 000 | 00603nam a22002057a 4500 | ||
|---|---|---|---|
| 003 | OSt | ||
| 005 | 20260422052109.0 | ||
| 008 | 260422b |||||||| |||| 00| 0 eng d | ||
| 020 | _a9812-53-014-2 | ||
| 040 |
_aDWC-Main lib _cOC |
||
| 082 |
_23rd edition _aCirc. 725.4 T599f 2003 |
||
| 100 | _aTompkins, James S. | ||
| 245 |
_aFacilities planning, 3rd ed./ _cJames S. Tompkins |
||
| 260 |
_aJohn Wiley & Sons, _binc., _cc2003. |
||
| 300 |
_ax, 750 pages ; _c25 cm. |
||
| 504 | _aInclude index. | ||
| 700 | _aWhite, John A. | ||
| 700 | _aBozer, Yavuz A. | ||
| 942 |
_2ddc _cBK-CIRC _e3rd ed. _hCirc. _n0 |
||
| 999 |
_c9678 _d9678 |
||